000 01005nam a2200265 i 4500
001 bg
245 0 0 _aStosunki gospodarcze Unii Europejskiej :
_bhandel, finanse i procesy integracyjne : (wybrane zagadnienia) : praca zbiorowa /
_cpod red. nauk. Mieczysława Dudka ; Uniwersytet Zielonogórski.
260 _aZielona Góra :
_bOficyna Wydawnicza UZ,
_c2004.
300 _a514 s. :
_bil., mapa, tab., wykr. ;
_c24 cm.
500 _aTekst częśc. ang., niem. Streszcz. ang. przy rozdz.
504 _aBibliogr. przy rozdz.
610 2 9 _aUnia Europejska
_xa Polska
_xgospodarka
610 2 9 _aUnia Europejska
_xgospodarka
_xpolityka
651 9 _aPolska
_xa Unia Europejska
_xgospodarka
655 _aPodręczniki
700 1 _aDUDEK, Mieczysław.
_eRed.
015 _aPB 23636/2004
020 _a8389712024
040 _cBPK
041 0 _apolgereng
_beng
080 _a339.923(4-67):338.22(438)]"1989/..."(07)
920 _a83-89712-02-4
942 _cKS
008 s pl f |000 0 pol
999 _c46438
_d46438
856 _uhttp://koha.tu.koszalin.pl/cgi-bin/koha/opac-detail.pl?biblionumber=46438
_yKatalog online BPK